000 00369pab a2200145 454500
008 180718b1996 xxu||||| |||| 00| 0 eng d
100 _aNavlakha, Gautam
245 _aAfghanistan: `great game' reviewed
260 _c1996
300 _ap.2913-915
362 _a2 Nov
650 _aPolitics and government
773 _aEconomic and Political Weekly
909 _a32537
999 _c32537
_d32537